Регионална библиотека "Любен Каравелов" - Русе

Спомени от отвъдното (Запис номер 94000)

MARC детайли
000 -Лидер
Контролно поле с фиксирана дължина 01766nam a2200409 c 4500
003 - Код на организацията, давaща контролен номер
Контролно поле BLK
005 - Дата и час на последна редакция
Контролно поле 20250404112152.0
008 - Елементи от данни с фиксирана дължина
fixed length control field 180408b bul|||||r ||||||| ||bul||
010 ## - Наследен системен номер
LC control number KNG00098818000
020 ## - Международен стандартен номер на книга ISBN
Международен стандартен номер на книга ISBN 978-954-26-0887-5
-- издат.: Хермес
040 ## - Източник на каталожния запис
Идентификатор на билиотеката - собственик на записа BLK
041 ## - Код за език
Код за езика на текст/звукозапис или на отделно заглавие Български
Код за езика КДБФ Български
072 #7 - Код за тематичната категория
Код организация bullib
Код за тематична категория Н15
Текст Психология Н
080 ## - УДК
Текстов определител УДК Хипноза. Сугестия. - Хипнотизиране, внушение, самовнушение, автосугестия
УДК код - определител по УДК 159.962
УДК определител (02.062)
УДК - код + определител 159.962(02.062)
080 ## - УДК
Текстов определител УДК Задгробен живот. Безсмъртие. Вечност. Вж и 237
УДК код - определител по УДК 218
УДК определител (02.062)
УДК - код + определител 218(02.062)
100 1# - Редна дума - Автор
Автор Нютън, Майкъл
Авторска отговорност първи автор
R(LIN) 284903
139 ## - Редно поле
Редна дума Нютън, Майкъл
Авторски знак Ню - Н 98
245 10 - Сведения за заглавието
Заглавие Спомени от отвъдното
Подзаглавни данни 32 истински истории
Редно поле (дума) Майкъл Нютън; прев. Валентина Стоянова Атанасова-Арнаудова.
257 ## - Страна на издаване
Страна на създаване/издаване Съединени американски щати
260 ## - Област на издателските данни
-- Пловдив
Име на издателя, разпространителя и проч. Хермес
Година на издаване 2010
Печатница Хасково : Полиграфюг
300 ## - Физическа характеристика
Страници 407 с.
Размери/Мащаб 20 см
380 ## - Жанр
Жанр Философия
490 1# - СЕРИИ (Колекции)
Име на серия Серия Феникс
500 ## - Общи забележки
Забележка Ориг. загл. Memories of the Afterlife / Michael Newton
650 #4 - Допълнително описание по предмет – тема
Основно описание – тема или топоним Прераждане
9 (RLIN) 167653
650 #4 - Допълнително описание по предмет – тема
Основно описание – тема или топоним Хипноза
9 (RLIN) 176646
653 ## - Ключова дума – ненормативна
Ключова дума прераждане
653 ## - Ключова дума – ненормативна
Ключова дума парапсихология
659 ## - Тематичен бюлетин
Тематичен бюлетин Н
700 ## - Други автори (авторска отговорност)
Лично име Атанасова-Арнаудова, Валентина Стоянова
Дати, свързани с автора 1974-
9 (RLIN) 373931
852 ## - Местоположение
Форматна сигнатура Цб 250406
856 4# - Електронен адрес и достъп
Електронен формат pdf - файл
Път до файла /url/
856 4# - Електронен адрес и достъп
Електронен формат pdf - файл
Път до файла /url/
942 ## - АРТИКУЛИ
Вид на библиотечния материал Книги
Скрит в OPAC Не
Koha issues (borrowed), all copies 14
944 ## - СЪЗДАВАНЕ И РЕДАКЦИЯ на ЗАПИСА
Създаване/Редакция Създаване
Дата на регистрацията/редакция 16.12.2010
Статус, дата на статуса Цветелина Шанова
Служител, извършил регистрацията/редакцията 30531
944 ## - СЪЗДАВАНЕ И РЕДАКЦИЯ на ЗАПИСА
Създаване/Редакция Редакция
Дата на регистрацията/редакция 27.07.2011
Статус, дата на статуса ф /
Служител, извършил регистрацията/редакцията
999 ## - СИСТЕМНИ КОНТРОЛНИ НОМЕРА
Koha biblionumber 94000
Koha biblioitemnumber 94000
Наличности
Код за отписване Код за изгубен артикул Източник на класификационната схема Код за повреда Коз за рестрикции Код за отдаване Артикулен № Име на библиотеката - собственик Име на библиотеката, в която се намира в момента Статус (Текущо местоположение) Дата на вписване в системата Местоположение - отдел Цена в лева Инвентарен номер Систематично азбучна сигнатура Баркод Номер на екземпляра Цена в евро Служебна бележка Служебен тип на артикула
  Не е изгубен Universal Decimal Classification Не е повреден без рестрикции заемане за дома 150959 Регионална библиотека "Любен Каравелов" Русе Регионална библиотека "Любен Каравелов" Русе Заемна - подръчен фонд 2010-12-16 Заемна - подръчен фонд 14.95 120000748377 П 159.962/Н 98 120000748377 1 7.64 Дост: DA Вид: А N: 25 Дата: 16.12.2010 Дата инв: 20.11.2014 Бележки инв: П2014 Книги
  Не е изгубен Universal Decimal Classification Не е повреден без рестрикции заемане за дома 150960 Регионална библиотека "Любен Каравелов" Русе Регионална библиотека "Любен Каравелов" Русе Заемна - подръчен фонд 2010-12-16 Заемна - подръчен фонд 14.95 120000748378 П 159.962/Н 98 120000748378 2 7.64 Дост: DA Вид: А N: 25 Дата: 16.12.2010 Дата инв: 10.02.2018 Бележки инв: П2018 Книги
  Не е изгубен   Не е повреден без рестрикции ползва се в читалня 150961 Регионална библиотека "Любен Каравелов" Русе Регионална библиотека "Любен Каравелов" Русе Хранилище 2011-03-21 Хранилище 14.95 120000749842 Цб 250406 120000749842 3 7.64 Дост: Dp Вид: Д N: 27 Дата: 07.07.2010 Книги
Vip Innovations Ltd, Rousse, Bulgaria 2025